[Event "12th PKWN Festival it"]
[Site "Lublin POL"]
[Date "1976.07.??"]
[Round "5"]
[White "Robatsch, Karl"]
[Black "Ermenkov, Evgeny"]
[Result "0-1"]
[WhiteElo "2445"]
[BlackElo "2435"]
[EventDate "1976.07.15"]
[PlyCount "80"]

1.c4 Nf6 2.Nc3 d5 3.cxd5 Nxd5 4.g3 g6 5.Bg2 Nb6 6.d3 N8d7 7.Bg5 Nf6 8.Qc1 
c6 9.Nf3 Bg7 10.O-O O-O 11.Rd1 a5 12.h3 a4 13.Bh6 Nbd5 14.Bxg7 Kxg7 15.e4 
Nxc3 16.bxc3 Qa5 17.c4 e5 18.Qa3 Re8 19.c5 Re7 20.Rac1 Kg8 21.Nd2 Be6 22.
Nc4 Bxc4 23.Rxc4 Ne8 24.d4 exd4 25.Rcxd4 Ng7 26.f4 Ne6 27.Rc4 Nc7 28.f5 
Nb5 29.Qe3 Rd8 30.Rxd8+ Qxd8 31.Qg5 a3 32.f6 Rd7 33.e5 Rd4 34.Rc1 Nc7 35.
Kh2 Rd2 36.Rb1 Qd5 37.Rg1 Ne6 38.Qe3 Qxa2 39.Qc3 Qb2 40.Qa5 a2 0-1

[Event "12th PKWN Festival it"]
[Site "Lublin POL"]
[Date "1976.07.??"]
[Round "5"]
[White "Makarichev, Sergei"]
[Black "Nikolac, Juraj"]
[Result "1-0"]
[WhiteElo "2495"]
[BlackElo "2485"]
[EventDate "1976.07.15"]
[PlyCount "138"]

1.e4 e5 2.Nf3 Nc6 3.Bc4 Bc5 4.c3 Nf6 5.d3 d6 6.Nbd2 O-O 7.O-O a6 8.Bb3 Ba7
9.Nc4 Ne7 10.Nh4 h6 11.Ne3 Be6 12.Qf3 Bxb3 13.axb3 Kh7 14.Nhf5 Nfg8 15.Kh1
g6 16.Nxe7 Qxe7 17.Nd5 Qd8 18.Be3 c6 19.Bxa7 Rxa7 20.Qe3 Ra8 21.Nb6 Rb8 
22.f4 Qe7 23.Rf3 Rbd8 24.Raf1 exf4 25.Qxf4 f5 26.exf5 Rxf5 27.Qg3 Rxf3 28.
Qxf3 Kg7 29.h3 d5 30.Qf2 Re8 31.Na4 Nf6 32.Nc5 b6 33.Na4 b5 34.Nc5 a5 35.
Qd4 Rf8 36.Rf3 Kg8 37.Re3 Qf7 38.Qf4 g5 39.Qd6 g4 40.Ne6 Re8 41.Nd8 Rxe3 
42.Nxf7 Kxf7 43.hxg4 Rxd3 44.Qxc6 Rd2 45.Qxb5 Rxb2 46.Qa4 Kg6 47.Kh2 Kg5 
48.Kh3 Rd2 49.Qxa5 Rd3+ 50.g3 Ne4 51.Qd8+ Kg6 52.Qg8+ Kf6 53.Qf8+ Kg6 54.
Qf5+ Kg7 55.Qe5+ Kg6 56.Qf5+ Kg7 57.Qe5+ Kg6 58.Kg2 Rxc3 59.Qf5+ Kg7 60.
Qxd5 Nf6 61.Qb7+ Kg6 62.b4 Rc2+ 63.Kf1 Rd2 64.Qc6 Rd7 65.b5 Rf7 66.Kg2 Kg7
67.b6 Nd7 68.Qc7 Nf6 69.Qa7 1-0

[Event "12th PKWN Festival it"]
[Site "Lublin POL"]
[Date "1976.07.??"]
[Round "5"]
[White "Suetin, Alexei"]
[Black "Georgadze, Tamaz"]
[Result "1-0"]
[WhiteElo "2525"]
[BlackElo "2475"]
[EventDate "1976.07.15"]
[PlyCount "111"]

1.e4 c5 2.Nf3 Nc6 3.d4 cxd4 4.Nxd4 g6 5.Nc3 Bg7 6.Be3 Nf6 7.Bc4 Qa5 8.O-O 
O-O 9.Bb3 d6 10.Nd5 Qd8 11.f3 Na5 12.Qd2 Nxb3 13.axb3 Bd7 14.c3 a6 15.b4 
Re8 16.Rfd1 Nxd5 17.exd5 Rc8 18.Nb3 e5 19.dxe6 Rxe6 20.Bd4 Bf8 21.Bf2 Qc7 
22.Nd4 Ree8 23.Ne2 Qc4 24.Ng3 Bc6 25.Bd4 Re6 26.Ra3 Bg7 27.Bxg7 Kxg7 28.
Raa1 Rce8 29.Kf2 d5 30.Qd4+ Kg8 31.Qxc4 dxc4 32.Rd4 Bb5 33.Rad1 f5 34.Rd8 
Kf7 35.Rxe8 Rxe8 36.Ne2 Kf6 37.h4 Re7 38.g3 Be8 39.Rd6+ Re6 40.Rd8 Bf7 41.
Nd4 Re7 42.f4 h6 43.Rd6+ Kg7 44.Nf3 Be8 45.Ne5 g5 46.hxg5 hxg5 47.Ke3 
gxf4+ 48.gxf4 Bh5 49.Kd4 Be2 50.Rg6+ Kh7 51.Rf6 Bd3 52.Rf7+ Rxf7 53.Nxf7 
Kg6 54.Nd6 b5 55.Ke5 Bc2 56.Nb7 1-0

[Event "12th PKWN Festival it"]
[Site "Lublin POL"]
[Date "1976.07.??"]
[Round "6"]
[White "Georgadze, Tamaz"]
[Black "Hulak, Krunoslav"]
[Result "1/2-1/2"]
[WhiteElo "2475"]
[BlackElo "2470"]
[EventDate "1976.07.15"]
[PlyCount "34"]

1.e4 e5 2.Nf3 Nc6 3.Bb5 a6 4.Bxc6 dxc6 5.O-O f6 6.d4 Bg4 7.dxe5 Qxd1 8.
Rxd1 fxe5 9.Rd3 Bxf3 10.Rxf3 Nf6 11.Nc3 Bb4 12.Bg5 Bxc3 13.Rxc3 Nxe4 14.
Re3 Nxg5 15.Rxe5+ Kf7 16.Rxg5 Rhe8 17.Kf1 1/2-1/2

[Event "12th PKWN Festival it"]
[Site "Lublin POL"]
[Date "1976.07.??"]
[Round "6"]
[White "Bielczyk, Jacek"]
[Black "Makarichev, Sergei"]
[Result "1/2-1/2"]
[WhiteElo "2375"]
[BlackElo "2495"]
[EventDate "1976.07.15"]
[PlyCount "42"]

1.e4 e6 2.Nf3 d5 3.Nc3 Nf6 4.e5 Nfd7 5.d4 c5 6.dxc5 Nc6 7.Bf4 Bxc5 8.Bd3 
f6 9.exf6 Qxf6 10.Bg3 O-O 11.O-O Nd4 12.Nxd4 Bxd4 13.Qd2 Nc5 14.Rae1 Bd7 
15.Ne2 Nxd3 16.cxd3 Bb6 17.Nc3 Bd4 18.Ne2 Bb6 19.Nc3 Bd4 20.Ne2 Bb6 21.Nc3
Bd4 1/2-1/2

[Event "12th PKWN Festival it"]
[Site "Lublin POL"]
[Date "1976.07.??"]
[Round "6"]
[White "Ermenkov, Evgeny"]
[Black "Kuligowski, Adam"]
[Result "1/2-1/2"]
[WhiteElo "2435"]
[BlackElo "2345"]
[EventDate "1976.07.15"]
[PlyCount "104"]

1.d4 Nf6 2.Nf3 e6 3.Bg5 c5 4.e3 b6 5.Nbd2 Bb7 6.c3 Be7 7.Bd3 cxd4 8.exd4 
d6 9.O-O Nbd7 10.Re1 O-O 11.a4 a6 12.Qc2 Re8 13.h3 Qc7 14.Ne4 Nxe4 15.Bxe4
Bxe4 16.Qxe4 Bxg5 17.Nxg5 Nf6 18.Qh4 b5 19.Re3 b4 20.Rg3 d5 21.Re1 bxc3 
22.bxc3 Qe7 23.Rge3 Rac8 24.Rb1 Rc4 25.a5 Qc7 26.Rb3 Ra4 27.Re1 Rb8 28.
Rbb1 Rxa5 29.Nf3 Rab5 30.Ra1 a5 31.Ne5 Rb3 32.Nd3 Rxc3 33.Nc5 Re8 34.Reb1 
Rc4 35.Rb5 a4 36.g3 Nd7 37.Rb7 Qxc5 38.dxc5 Rxh4 39.gxh4 Nxc5 40.Rc7 Ne4 
41.Rxa4 h5 42.Raa7 Rf8 43.Rd7 g6 44.Kg2 Nf6 45.Re7 Ne8 46.Kf3 Nd6 47.Red7 
Nf5 48.Kf4 Kg7 49.Kg5 Nd4 50.Ra6 Rc8 51.Raa7 Rf8 52.Ra6 Rc8 1/2-1/2

[Event "12th PKWN Festival it"]
[Site "Lublin POL"]
[Date "1976.07.??"]
[Round "6"]
[White "Pokojowczyk, Jerzy"]
[Black "Suetin, Alexei"]
[Result "1/2-1/2"]
[WhiteElo "2335"]
[BlackElo "2525"]
[EventDate "1976.07.15"]
[PlyCount "109"]

1.e4 c5 2.Nf3 e6 3.d4 cxd4 4.Nxd4 a6 5.Bd3 Qc7 6.O-O Nf6 7.Qe2 Bd6 8.Kh1 
Nc6 9.Nxc6 dxc6 10.Nd2 b5 11.Re1 e5 12.Nf1 Bg4 13.f3 Be6 14.Be3 Nd7 15.Qf2
c5 16.Qg3 g6 17.Bh6 Bf8 18.Bxf8 Kxf8 19.Ne3 c4 20.Bf1 Kg7 21.Red1 Nf6 22.
Qe1 Rhd8 23.a4 Rxd1 24.Nxd1 Rd8 25.axb5 axb5 26.Qb4 Qb6 27.Nc3 Rb8 28.b3 
Nd7 29.bxc4 bxc4 30.Qxb6 Rxb6 31.Kg1 Rb2 32.Rc1 Nc5 33.Be2 Kf6 34.Kf1 Ke7 
35.Ke1 f5 36.Nd1 Rb6 37.exf5 gxf5 38.Nc3 Rb4 39.Rd1 Na4 40.Nd5+ Bxd5 41.
Rxd5 Ke6 42.Ra5 Nc3 43.Rc5 Nxe2 44.Kxe2 Kd6 45.Rc8 f4 46.g3 Kd5 47.Rd8+ 
Kc5 48.Rc8+ Kd4 49.Kd2 Rb1 50.Rd8+ Kc5 51.gxf4 exf4 52.Rf8 Rh1 53.Kc3 Rxh2
54.Rxf4 Kb5 55.Rf5+ 1/2-1/2

[Event "12th PKWN Festival it"]
[Site "Lublin POL"]
[Date "1976.07.??"]
[Round "6"]
[White "Robatsch, Karl"]
[Black "Damjanovic, Mato"]
[Result "1/2-1/2"]
[WhiteElo "2445"]
[BlackElo "2425"]
[EventDate "1976.07.15"]
[PlyCount "24"]

1.c4 e5 2.Nc3 Nf6 3.Nf3 Nc6 4.d3 g6 5.g3 Bg7 6.Bg2 O-O 7.O-O d6 8.Rb1 a5 
9.a3 Bf5 10.e4 Bg4 11.h3 Bxf3 12.Bxf3 Nd4 1/2-1/2

[Event "12th PKWN Festival it"]
[Site "Lublin POL"]
[Date "1976.07.??"]
[Round "6"]
[White "Nikolac, Juraj"]
[Black "Adamski, Jan"]
[Result "1-0"]
[WhiteElo "2485"]
[BlackElo "2415"]
[EventDate "1976.07.15"]
[PlyCount "112"]

1.d4 Nf6 2.c4 e6 3.Nf3 b6 4.e3 Bb7 5.Bd3 c5 6.O-O Be7 7.Nc3 cxd4 8.exd4 d5
9.Qe2 Nc6 10.cxd5 Nxd5 11.Rd1 O-O 12.Nxd5 Qxd5 13.Be4 Qd6 14.a3 Na5 15.b4 
Bxe4 16.Qxe4 Nc6 17.b5 Na5 18.Bd2 Qd5 19.Qxd5 exd5 20.Bxa5 bxa5 21.Ne5 a4 
22.Rdc1 Bd6 23.Nc6 Rfc8 24.Rc3 Rc7 25.Rac1 Rb7 26.Rb1 Kf8 27.Kf1 Rc8 28.
Ke2 Rb6 29.Kd2 Rc7 30.Ne5 Rxc3 31.Kxc3 Rb7 32.b6 axb6 33.Rxb6 Rxb6 34.Nd7+
Ke7 35.Nxb6 Bxa3 36.Nxd5+ Ke6 37.Nb6 Bd6 38.Nxa4 Bxh2 39.Kc4 Bg1 40.Nc5+ 
Ke7 41.Nd3 h5 42.Kd5 Kd7 43.Ke4 Kd6 44.Ke3 Bh2 45.g3 g5 46.Ne1 g4 47.Ng2 
Bg1 48.Ke2 Kd5 49.Nf4+ Kxd4 50.Nxh5 f5 51.Kf1 Bxf2 52.Kxf2 Ke4 53.Nf4 Kd4 
54.Ke2 Ke4 55.Nd3 Kd4 56.Nf2 1-0

[Event "12th PKWN Festival it"]
[Site "Lublin POL"]
[Date "1976.07.??"]
[Round "6"]
[White "Szymczak, Zbigniew"]
[Black "Schinzel, Wladyslaw"]
[Result "1-0"]
[WhiteElo "2400"]
[BlackElo "2370"]
[EventDate "1976.07.15"]
[PlyCount "146"]

1.Nf3 g6 2.c4 Bg7 3.d4 c5 4.d5 b5 5.e4 bxc4 6.Bxc4 d6 7.O-O Nf6 8.Nc3 Nbd7
9.Re1 O-O 10.a4 Rb8 11.Nb5 Rb7 12.a5 a6 13.Nc3 Rb4 14.Qe2 Ne8 15.h4 Nc7 
16.Ra2 Nf6 17.Bd2 Bd7 18.Bxa6 Nxa6 19.Qxa6 Qb8 20.Qd3 Rxb2 21.Rea1 Bb5 22.
Nxb5 Qxb5 23.Qxb5 Rxb5 24.Re1 Ra8 25.Kf1 Kf8 26.Ra4 Nd7 27.Rc4 Rb2 28.Rec1
Ke8 29.R1c2 Rxc2 30.Rxc2 Nf6 31.Rc4 h6 32.Ke2 Kd7 33.Kd3 Ng4 34.Be1 Kc7 
35.Ra4 Kb7 36.Ra3 f5 37.Rb3+ Kc7 38.exf5 gxf5 39.Rb6 Nf6 40.Kc4 Ne8 41.Bd2
Nf6 42.h5 Ne4 43.Be1 Bf6 44.Ng1 Bg5 45.Ne2 Bd2 46.Rc6+ Kd7 47.Bxd2 Nxd2+ 
48.Kb5 Nb1 49.Kb6 Na3 50.a6 Rb8+ 51.Ka7 Rb4 52.Rb6 Kc7 53.Rb7+ Kc8 54.Rxb4
cxb4 55.Kb6 Nc4+ 56.Kb5 Ne5 57.Kxb4 Kc7 58.Nd4 Kb6 59.Nxf5 Ng4 60.Nxe7 Nf6
61.Nc8+ Kxa6 62.Nxd6 Nxd5+ 63.Kc4 Nf6 64.Nf5 Nxh5 65.Nxh6 Kb6 66.g4 Nf4 
67.Kd4 Kc6 68.Ke4 Nh3 69.f4 Kd6 70.Nf5+ Ke6 71.Nd4+ Kf6 72.Kf3 Kg6 73.Kg3 
Ng1 1-0

[Event "12th PKWN Festival it"]
[Site "Lublin POL"]
[Date "1976.07.??"]
[Round "7"]
[White "Adamski, Jan"]
[Black "Bielczyk, Jacek"]
[Result "1-0"]
[WhiteElo "2415"]
[BlackElo "2375"]
[EventDate "1976.07.15"]
[PlyCount "84"]

1.c4 e5 2.Nc3 d6 3.Nf3 Bg4 4.d4 Nd7 5.Be3 Ne7 6.d5 g6 7.g3 Bxf3 8.exf3 Nf5
9.Bd2 Bg7 10.Bg2 O-O 11.O-O c5 12.dxc6 bxc6 13.f4 Rc8 14.Rc1 Nc5 15.fxe5 
dxe5 16.b4 Nd3 17.Rb1 Qd4 18.Qb3 Nd6 19.Be3 Qxc4 20.Rfd1 Rfd8 21.Ne4 Qxb3 
22.Rxb3 Nxe4 23.Bxe4 Nf4 24.Rxd8+ Rxd8 25.gxf4 exf4 26.Bxa7 g5 27.h3 h5 
28.Bf3 f5 29.Bxh5 Ra8 30.Bc5 Rxa2 31.Bg6 Ra1+ 32.Kg2 g4 33.Bxf5 f3+ 34.Kg3
Rg1+ 35.Kf4 Bh6+ 36.Ke5 Re1+ 37.Kd6 g3 38.Rxf3 Bf4+ 39.Rxf4 Rd1+ 40.Kc7 g2
41.Rg4+ Kh8 42.Rh4+ 1-0

[Event "12th PKWN Festival it"]
[Site "Lublin POL"]
[Date "1976.07.??"]
[Round "7"]
[White "Schinzel, Wladyslaw"]
[Black "Georgadze, Tamaz"]
[Result "0-1"]
[WhiteElo "2370"]
[BlackElo "2475"]
[EventDate "1976.07.15"]
[PlyCount "120"]

1.c4 e5 2.Nc3 Nf6 3.Nf3 Nc6 4.d3 d5 5.cxd5 Nxd5 6.g3 Be7 7.Bg2 Be6 8.O-O 
O-O 9.Bd2 Nb6 10.a3 f5 11.b4 Bf6 12.Rc1 a6 13.Ne1 Nd4 14.Rb1 Nd5 15.Nc2 
Nxc3 16.Bxc3 Bd5 17.Ne3 Bxg2 18.Kxg2 g6 19.Bxd4 exd4 20.Qb3+ Kh8 21.Nd5 
Be5 22.e3 dxe3 23.fxe3 Re8 24.Rbe1 Qd6 25.e4 Rad8 26.Rd1 Qe6 27.Qc2 c6 28.
Nf4 Qd7 29.exf5 Qxf5 30.Nh3 Qe6 31.Rf3 Bd4 32.Nf4 Qd6 33.h4 Re5 34.Nh3 
Rde8 35.Rd2 h6 36.Qc4 R5e7 37.Nf4 b5 38.Qa2 Kg7 39.Ne2 Bf6 40.Nf4 Bd4 41.
Ne2 Bf6 42.Nf4 Bc3 43.Rc2 Bd4 44.Re2 g5 45.hxg5 hxg5 46.Rxe7+ Qxe7 47.Nh5+
Kg6 48.g4 Qe2+ 49.Qxe2 Rxe2+ 50.Kf1 Ra2 51.Rf8 Rxa3 52.Rc8 Rc3 53.Ra8 Rxd3
54.Rd8 Kf7 55.Ke2 Re3+ 56.Kd2 Re4 57.Kd3 Bb6 58.Rb8 Rxg4 59.Rxb6 Kg6 60.
Rxa6 Kxh5 0-1

[Event "12th PKWN Festival it"]
[Site "Lublin POL"]
[Date "1976.07.??"]
[Round "7"]
[White "Kuligowski, Adam"]
[Black "Nikolac, Juraj"]
[Result "1/2-1/2"]
[WhiteElo "2345"]
[BlackElo "2485"]
[EventDate "1976.07.15"]
[PlyCount "86"]

1.d4 Nf6 2.c4 e6 3.Nf3 d5 4.Bg5 Nbd7 5.Nc3 c6 6.e3 Qa5 7.Nd2 Bb4 8.Qc2 O-O
9.Bxf6 Nxf6 10.Bd3 c5 11.dxc5 dxc4 12.Nxc4 Qxc5 13.O-O Bxc3 14.Qxc3 Bd7 
15.b4 Qe7 16.Ne5 Rfc8 17.Qd4 Be8 18.Rac1 b6 19.Qb2 Qd6 20.Be2 Rxc1 21.Rxc1
Rd8 22.Nc4 Qe7 23.Ne5 Ne4 24.Bd3 Nd6 25.g3 Qf6 26.Qc3 g6 27.Nc6 Qxc3 28.
Rxc3 Ra8 29.e4 Kf8 30.e5 Nf5 31.Ba6 Bxc6 32.Rxc6 Ne7 33.Rd6 Nd5 34.Bb7 Rb8
35.Bxd5 exd5 36.Rxd5 Ke7 37.Kg2 Rc8 38.Rd3 Ke6 39.Rd6+ Ke7 40.Rd3 Ke6 41.
Kf3 Rc4 42.Ra3 Rxb4 43.Rxa7 h5 1/2-1/2

[Event "12th PKWN Festival it"]
[Site "Lublin POL"]
[Date "1976.07.??"]
[Round "7"]
[White "Suetin, Alexei"]
[Black "Robatsch, Karl"]
[Result "1/2-1/2"]
[WhiteElo "2525"]
[BlackElo "2445"]
[EventDate "1976.07.15"]
[PlyCount "23"]

1.e4 c5 2.Nf3 Nc6 3.d4 cxd4 4.Nxd4 Nf6 5.Nc3 d6 6.Bg5 Bd7 7.Qd2 Rc8 8.
O-O-O h6 9.Bxf6 gxf6 10.Nf5 Qa5 11.Ne3 f5 12.Qd5 1/2-1/2

[Event "12th PKWN Festival it"]
[Site "Lublin POL"]
[Date "1976.07.??"]
[Round "7"]
[White "Makarichev, Sergei"]
[Black "Szymczak, Zbigniew"]
[Result "1/2-1/2"]
[WhiteElo "2495"]
[BlackElo "2400"]
[EventDate "1976.07.15"]
[PlyCount "48"]

1.e4 c5 2.Nf3 d6 3.d4 Nf6 4.Nc3 cxd4 5.Nxd4 Nc6 6.Be2 e5 7.Nf3 h6 8.O-O 
Be7 9.b3 O-O 10.Bb2 Be6 11.Re1 Re8 12.h3 Bf8 13.Bf1 Qc7 14.Nb5 Qe7 15.c4 
a6 16.Nc3 g6 17.Rc1 Rac8 18.Qd2 Nh7 19.Nd5 Qd8 20.b4 Ng5 21.Nxg5 hxg5 22.
a3 g4 23.hxg4 Bxg4 24.Qe3 Bg7 1/2-1/2

[Event "12th PKWN Festival it"]
[Site "Lublin POL"]
[Date "1976.07.??"]
[Round "7"]
[White "Hulak, Krunoslav"]
[Black "Pokojowczyk, Jerzy"]
[Result "1-0"]
[WhiteElo "2470"]
[BlackElo "2335"]
[EventDate "1976.07.15"]
[PlyCount "68"]

1.e4 e6 2.d4 d5 3.Nd2 Nf6 4.e5 Nfd7 5.c3 c5 6.f4 Nc6 7.Ndf3 Qa5 8.Be3 cxd4
9.Nxd4 Nxd4 10.Bxd4 Nb8 11.Nf3 Nc6 12.Be3 Bd7 13.Bd3 Be7 14.O-O Qc7 15.Qc2
h6 16.Rae1 O-O-O 17.Qf2 g5 18.b4 gxf4 19.Bxf4 Rdg8 20.Be3 b6 21.a4 f6 22.
a5 bxa5 23.b5 Nxe5 24.Nxe5 fxe5 25.b6 axb6 26.Ba6+ Kb8 27.Bxb6 Qc6 28.Rb1 
Ka8 29.Bb5 Qb7 30.Bxd7 Qxd7 31.Qe2 Qb7 32.Qb5 Rxg2+ 33.Kxg2 d4+ 34.Kh3 1-0

[Event "12th PKWN Festival it"]
[Site "Lublin POL"]
[Date "1976.07.??"]
[Round "7"]
[White "Damjanovic, Mato"]
[Black "Ermenkov, Evgeny"]
[Result "1/2-1/2"]
[WhiteElo "2425"]
[BlackElo "2435"]
[EventDate "1976.07.15"]
[PlyCount "42"]

1.d4 c6 2.c4 d5 3.cxd5 cxd5 4.Nc3 Nf6 5.Nf3 Nc6 6.Bf4 Bf5 7.e3 e6 8.Bd3 
Bxd3 9.Qxd3 Bd6 10.Bxd6 Qxd6 11.O-O O-O 12.Rac1 Rfc8 13.h3 Nd7 14.Ng5 Nf8 
15.f4 Ne7 16.Nf3 Nd7 17.g4 Qb4 18.Rc2 Qc4 19.Qd2 Qb4 20.Qd3 Qc4 21.Qd2 Qb4
1/2-1/2

[Event "12th PKWN Festival it"]
[Site "Lublin POL"]
[Date "1976.07.??"]
[Round "8"]
[White "Robatsch, Karl"]
[Black "Hulak, Krunoslav"]
[Result "1/2-1/2"]
[WhiteElo "2445"]
[BlackElo "2470"]
[EventDate "1976.07.15"]
[PlyCount "34"]

1.c4 e5 2.Nc3 Nf6 3.Nf3 Nc6 4.d3 g6 5.e3 Bg7 6.Be2 O-O 7.a3 d6 8.O-O Bf5 
9.Qc2 Re8 10.Nd2 Bg4 11.Nde4 Bxe2 12.Nxf6+ Bxf6 13.Qxe2 Bg7 14.b4 f5 15.
Bb2 Nd4 16.exd4 exd4 17.Qd2 dxc3 1/2-1/2

[Event "12th PKWN Festival it"]
[Site "Lublin POL"]
[Date "1976.07.??"]
[Round "8"]
[White "Bielczyk, Jacek"]
[Black "Kuligowski, Adam"]
[Result "1/2-1/2"]
[WhiteElo "2375"]
[BlackElo "2345"]
[EventDate "1976.07.15"]
[PlyCount "59"]

1.e4 c5 2.Nf3 d6 3.d4 cxd4 4.Nxd4 Nf6 5.Nc3 a6 6.f4 Nbd7 7.Bd3 g6 8.Nf3 
Qb6 9.Qe2 Bg7 10.Rb1 O-O 11.Be3 Qc7 12.a4 b6 13.O-O Bb7 14.Kh1 Nc5 15.Bd4 
Bc6 16.Ra1 Qb7 17.e5 Nh5 18.Ng5 Nxd3 19.cxd3 h6 20.Nh3 dxe5 21.fxe5 Qd7 
22.Qe3 Rad8 23.Ne2 Qd5 24.Qf2 g5 25.Ra3 Nf4 26.Nhxf4 gxf4 27.Qxf4 b5 28.
axb5 axb5 29.h4 Qe6 30.Kh2 1/2-1/2

[Event "12th PKWN Festival it"]
[Site "Lublin POL"]
[Date "1976.07.??"]
[Round "8"]
[White "Szymczak, Zbigniew"]
[Black "Adamski, Jan"]
[Result "1/2-1/2"]
[WhiteElo "2400"]
[BlackElo "2415"]
[EventDate "1976.07.15"]
[PlyCount "40"]

1.Nf3 Nf6 2.c4 b6 3.g3 Bb7 4.Bg2 e6 5.O-O c5 6.Nc3 Be7 7.b3 O-O 8.Bb2 d5 
9.cxd5 Nxd5 10.Nxd5 Bxd5 11.Qc2 Nd7 12.Bc3 Rc8 13.Qb2 Bf6 14.Rfd1 Qc7 15.
Rac1 Qb7 16.Ne1 Bxg2 17.Nxg2 Rfd8 18.Ne3 Bxc3 19.dxc3 Nf6 20.Rxd8+ Rxd8 
1/2-1/2

[Event "12th PKWN Festival it"]
[Site "Lublin POL"]
[Date "1976.07.??"]
[Round "8"]
[White "Pokojowczyk, Jerzy"]
[Black "Schinzel, Wladyslaw"]
[Result "1-0"]
[WhiteElo "2335"]
[BlackElo "2370"]
[EventDate "1976.07.15"]
[PlyCount "46"]

1.e4 d5 2.exd5 Nf6 3.c4 c6 4.d4 cxd5 5.Nc3 e6 6.Nf3 Be7 7.cxd5 Nxd5 8.Bd3 
Nxc3 9.bxc3 Nd7 10.O-O O-O 11.Re1 Qc7 12.Qc2 Nf6 13.Ne5 g6 14.Bh6 Re8 15.
Rac1 Bd7 16.Re3 Bf8 17.Bxf8 Rxf8 18.Rh3 Nd5 19.Qd2 f6 20.Bxg6 fxe5 21.Qg5 
Nf4 22.Bf7+ Kh8 23.Qf6# 1-0

[Event "12th PKWN Festival it"]
[Site "Lublin POL"]
[Date "1976.07.??"]
[Round "8"]
[White "Georgadze, Tamaz"]
[Black "Makarichev, Sergei"]
[Result "1/2-1/2"]
[WhiteElo "2475"]
[BlackElo "2495"]
[EventDate "1976.07.15"]
[PlyCount "26"]

1.Nf3 Nf6 2.g3 b5 3.a4 b4 4.Bg2 Bb7 5.d3 e6 6.b3 Be7 7.Bb2 O-O 8.e4 d5 9.
e5 Nfd7 10.O-O c5 11.Qe2 Nc6 12.Nbd2 Qc7 13.h4 1/2-1/2

[Event "12th PKWN Festival it"]
[Site "Lublin POL"]
[Date "1976.07.??"]
[Round "8"]
[White "Ermenkov, Evgeny"]
[Black "Nikolac, Juraj"]
[Result "1-0"]
[WhiteElo "2435"]
[BlackElo "2485"]
[EventDate "1976.07.15"]
[PlyCount "72"]

1.e4 e5 2.Nf3 Nc6 3.Bb5 Nf6 4.O-O Nxe4 5.d4 Be7 6.Qe2 Nd6 7.Bxc6 bxc6 8.
dxe5 Nb7 9.Rd1 O-O 10.Nd4 Bc5 11.b4 Bxd4 12.Rxd4 Re8 13.Bb2 d5 14.Nd2 Nd6 
15.f4 Qe7 16.Qf2 Nf5 17.Nb3 Nxd4 18.Qxd4 Bf5 19.Qc3 Qh4 20.Rf1 Be4 21.Nc5 
f5 22.Qd2 a5 23.bxa5 Reb8 24.Bd4 Qg4 25.a6 h6 26.a4 Kh7 27.a7 Rd8 28.e6 
Qg6 29.Rb1 Rxa7 30.Rb3 Rxa4 31.Nxa4 Qxe6 32.Nc5 Qe7 33.Rg3 Rg8 34.Qe2 Qd6 
35.Qh5 g6 36.Qxh6+ 1-0

[Event "12th PKWN Festival it"]
[Site "Lublin POL"]
[Date "1976.07.??"]
[Round "9"]
[White "Kuligowski, Adam"]
[Black "Szymczak, Zbigniew"]
[Result "1/2-1/2"]
[WhiteElo "2345"]
[BlackElo "2400"]
[EventDate "1976.07.15"]
[PlyCount "46"]

1.d4 Nf6 2.c4 g6 3.Nc3 d5 4.cxd5 Nxd5 5.e4 Nxc3 6.bxc3 c5 7.Bc4 Bg7 8.Ne2 
Nc6 9.Be3 O-O 10.O-O Qc7 11.Rc1 Rd8 12.Qd2 Qa5 13.Rfd1 Bd7 14.Bh6 cxd4 15.
Bxg7 Kxg7 16.Qf4 dxc3 17.Qxf7+ Kh8 18.Rd5 Qb4 19.Nf4 Qxc4 20.Nxg6+ hxg6 
21.Qxg6 Bg4 22.Qh6+ Kg8 23.Qg6+ Kh8 1/2-1/2

[Event "12th PKWN Festival it"]
[Site "Lublin POL"]
[Date "1976.07.??"]
[Round "9"]
[White "Schinzel, Wladyslaw"]
[Black "Robatsch, Karl"]
[Result "0-1"]
[WhiteElo "2370"]
[BlackElo "2445"]
[EventDate "1976.07.15"]
[PlyCount "124"]

1.c4 Nf6 2.Nf3 e6 3.g3 a6 4.Bg2 b5 5.Nd4 c6 6.cxb5 axb5 7.O-O d5 8.d3 Bc5 
9.Nb3 Bb6 10.Be3 Bxe3 11.fxe3 Qb6 12.Qc1 Nbd7 13.d4 e5 14.Bh3 e4 15.Bxd7+ 
Bxd7 16.Nc5 Bg4 17.Kf2 Bh3 18.Rh1 O-O 19.Nc3 Ra7 20.Ke1 Rfa8 21.a3 b4 22.
Nd1 bxa3 23.bxa3 Nd7 24.Nxd7 Bxd7 25.Nc3 Bh3 26.Kd2 Qa5 27.Qb2 Bc8 28.Rhb1
Rb7 29.Qc1 h5 30.Rxb7 Bxb7 31.Qb2 Bc8 32.Rb1 Kf8 33.Qb6 Qxb6 34.Rxb6 Bd7 
35.Rb7 Ke7 36.a4 Kd8 37.Kc2 Kc8 38.Rb4 Kc7 39.Kb2 h4 40.Ka3 hxg3 41.hxg3 
Rh8 42.Rb1 Rh2 43.a5 Bc8 44.Rb6 Rh1 45.Rb1 Rh3 46.Rg1 Ba6 47.Rg2 Kd6 48.
Na4 Rh1 49.Nc5 Ra1+ 50.Kb4 Bb5 51.Rh2 Rb1+ 52.Kc3 Rg1 53.Rh8 Rxg3 54.Rb8 
Ke7 55.Rb7+ Kf6 56.Rxb5 cxb5 57.a6 Rxe3+ 58.Kb4 Rxe2 59.Kb3 Re3+ 60.Kb4 
Re1 61.Kxb5 Rb1+ 62.Kc6 Ra1 0-1

[Event "12th PKWN Festival it"]
[Site "Lublin POL"]
[Date "1976.07.??"]
[Round "9"]
[White "Nikolac, Juraj"]
[Black "Bielczyk, Jacek"]
[Result "0-1"]
[WhiteElo "2485"]
[BlackElo "2375"]
[EventDate "1976.07.15"]
[PlyCount "74"]

1.d4 Nf6 2.c4 d6 3.Nc3 Nbd7 4.e4 e5 5.d5 g6 6.Bd3 Bg7 7.h3 a5 8.Be3 Nc5 9.
Bc2 O-O 10.g4 c6 11.Nge2 cxd5 12.cxd5 Bd7 13.a3 h5 14.f3 Nh7 15.b4 axb4 
16.axb4 Rxa1 17.Qxa1 Na6 18.Qa3 Ng5 19.Ng1 Bh6 20.Bf2 Qf6 21.Bd1 Rc8 22.h4
Nxf3+ 23.Nxf3 Bxg4 24.Ng5 Bxg5 25.hxg5 Qf4 26.Bxg4 hxg4 27.O-O g3 28.Be1 
Qh4 29.Qb2 Nxb4 30.Rf3 Rc4 31.Bxg3 Qxg5 32.Kg2 Rd4 33.Rf2 Nd3 34.Qxb7 Nxf2
35.Qc8+ Kg7 36.Kxf2 Qd2+ 37.Ne2 Rxe4 0-1

[Event "12th PKWN Festival it"]
[Site "Lublin POL"]
[Date "1976.07.??"]
[Round "9"]
[White "Makarichev, Sergei"]
[Black "Pokojowczyk, Jerzy"]
[Result "1-0"]
[WhiteElo "2495"]
[BlackElo "2335"]
[EventDate "1976.07.15"]
[PlyCount "82"]

1.e4 c5 2.Nf3 d6 3.d4 Nf6 4.Nc3 cxd4 5.Nxd4 a6 6.Be3 e6 7.Be2 Nbd7 8.f4 b5
9.f5 Ne5 10.fxe6 fxe6 11.O-O Be7 12.a4 b4 13.Na2 Rb8 14.Qe1 Qa5 15.Nc1 O-O
16.Nd3 Nxd3 17.Bxd3 Qc7 18.Qe2 Qb7 19.Bf2 a5 20.e5 dxe5 21.Qxe5 Bd7 22.
Nxe6 Bxe6 23.Qxe6+ Kh8 24.Rae1 Ng8 25.Qh3 Nh6 26.Bd4 Bf6 27.Bxf6 Qb6+ 28.
Qe3 Rxf6 29.Qxb6 Rfxb6 30.b3 g6 31.Re5 Ra8 32.Re7 Rbb8 33.Rfe1 Rd8 34.h3 
Ng8 35.Rf7 Rd6 36.Re5 Nf6 37.Ree7 Rad8 38.Ra7 Nd7 39.Rxa5 Kg8 40.Re7 Nb6 
41.Raa7 1-0

[Event "12th PKWN Festival it"]
[Site "Lublin POL"]
[Date "1976.07.??"]
[Round "9"]
[White "Hulak, Krunoslav"]
[Black "Damjanovic, Mato"]
[Result "1-0"]
[WhiteElo "2470"]
[BlackElo "2425"]
[EventDate "1976.07.15"]
[PlyCount "68"]

1.e4 c5 2.Nf3 Nc6 3.d4 cxd4 4.Nxd4 Qc7 5.Nc3 e6 6.g3 a6 7.Bg2 Nf6 8.O-O 
Be7 9.Re1 Nxd4 10.Qxd4 Bc5 11.Qd1 d6 12.Be3 e5 13.Qd2 Be6 14.h3 Rc8 15.a3 
Ke7 16.Kh2 h6 17.f4 Rhd8 18.f5 Bd7 19.g4 Bxe3 20.Rxe3 Qb6 21.Rd1 Bb5 22.
Bf3 Kf8 23.Kg3 Rc4 24.Rd3 Kg8 25.b3 Rc6 26.Nxb5 axb5 27.h4 Rdc8 28.c3 Qa5 
29.g5 Ne8 30.gxh6 Qxa3 31.hxg7 Qxb3 32.Qh6 Nxg7 33.f6 Ne6 34.Rg1 1-0

[Event "12th PKWN Festival it"]
[Site "Lublin POL"]
[Date "1976.07.??"]
[Round "10"]
[White "Georgadze, Tamaz"]
[Black "Kuligowski, Adam"]
[Result "1/2-1/2"]
[WhiteElo "2475"]
[BlackElo "2345"]
[EventDate "1976.07.15"]
[PlyCount "42"]

1.c4 Nf6 2.g3 g6 3.b3 Bg7 4.Bb2 O-O 5.Bg2 c6 6.Nf3 d5 7.O-O Bg4 8.d3 Nbd7 
9.Nbd2 Re8 10.h3 Bxf3 11.Nxf3 e5 12.e3 e4 13.Nd2 exd3 14.cxd5 Nxd5 15.Bxg7
Kxg7 16.Bxd5 cxd5 17.Nf3 Qf6 18.Ne1 d4 19.exd4 Qxd4 20.Nxd3 Nf6 21.Nf4 
Rad8 1/2-1/2

[Event "12th PKWN Festival it"]
[Site "Lublin POL"]
[Date "1976.07.??"]
[Round "10"]
[White "Robatsch, Karl"]
[Black "Makarichev, Sergei"]
[Result "0-1"]
[WhiteElo "2445"]
[BlackElo "2495"]
[EventDate "1976.07.15"]
[PlyCount "32"]

1.c4 e5 2.Nc3 Nf6 3.Nf3 Nc6 4.e3 g6 5.d4 d6 6.dxe5 Nxe5 7.Be2 Bg7 8.O-O 
O-O 9.Qc2 Be6 10.Nd4 Bxc4 11.f4 Bxe2 12.fxe5 Bxf1 13.exf6 Qxf6 14.Ne4 Qe7 
15.Kxf1 Bxd4 16.exd4 Rfe8 0-1

[Event "12th PKWN Festival it"]
[Site "Lublin POL"]
[Date "1976.07.??"]
[Round "10"]
[White "Suetin, Alexei"]
[Black "Hulak, Krunoslav"]
[Result "1-0"]
[WhiteElo "2525"]
[BlackElo "2470"]
[EventDate "1976.07.15"]
[PlyCount "43"]

1.e4 c5 2.Nf3 e6 3.d4 cxd4 4.Nxd4 Nc6 5.Nc3 d6 6.g3 Be7 7.Bg2 a6 8.O-O Bd7
9.Nxc6 Bxc6 10.Qg4 g6 11.Qe2 Qc7 12.a4 Nf6 13.Bh6 Bf8 14.Qd2 Rd8 15.Rfe1 
Bxh6 16.Qxh6 Qb6 17.Qg5 Nd7 18.Nd5 Bxd5 19.exd5 h6 20.Rxe6+ Kf8 21.Qe7+ 
Kg7 22.Be4 1-0